[Event "Mittelrhein Verbandsliga-N 17/18"]
[Site "Nordrheinwestfalen"]
[Date "2018.02.04"]
[Round "7.7"]
[White "Machetti Meneses, Diego"]
[Black "Ipekyilmaz, Mert"]
[Result "1/2-1/2"]
[WhiteElo "1882"]
[BlackElo "1777"]
[PlyCount "80"]
[EventDate "2017.09.10"]
[EventType "team-swiss"]
[EventRounds "11"]
[EventCountry "GER"]
[SourceTitle "EXT 2022"]
[Source "ChessBase"]
[SourceDate "2021.10.06"]
[SourceVersion "1"]
[SourceVersionDate "2021.10.06"]
[SourceQuality "1"]
[WhiteTeam "Porz SG IV"]
[BlackTeam "Langenfeld II"]
[WhiteTeamCountry "GER"]
[BlackTeamCountry "GER"]

1. Nf3 Nf6 2. c4 c5 3. g3 g6 4. Bg2 Bg7 5. 0-0 0-0 6. Nc3 Nc6 7. d4 cxd4 8. Nxd4 a6 9. h3 Qb6 10. Nb3 d6 11. Be3 Qc7 12. Nd5 Nxd5 13. cxd5 Ne5 14. Rc1 Qd8 15. f4 Nd7 16. Qd2 Nf6 17. g4 e6 18. Rfd1 Ne8 19. Bd4 exd5 20. Bxg7 Kxg7 21. Qxd5 Qe7 22. e4 Be6 23. Qd4+ Kg8 24. Rc3 Rc8 25. Rxc8 Bxc8 26. Na5 b5 27. Nc6 Qc7 28. Rc1 Bb7 29. e5 dxe5 30. Qxe5 Qxe5 31. fxe5 Kh8 32. Ne7 Bxg2 33. Kxg2 Ng7 34. Rc6 Re8 35. Nd5 Rxe5 36. Nf6 Ne6 37. h4 Re2+ 38. Kg3 Rxb2 39. Nd5 Rd2 40. Rxa6 Kg7 1/2-1/2

[Event "Mittelrhein Verbandsliga-N 17/18"]
[Site "Nordrheinwestfalen"]
[Date "2017.11.12"]
[Round "4.7"]
[White "Ipekyilmaz, Mert"]
[Black "Kemper, Horst"]
[Result "1/2-1/2"]
[WhiteElo "1643"]
[BlackElo "1768"]
[PlyCount "95"]
[EventDate "2017.09.10"]
[EventType "team-swiss"]
[EventRounds "11"]
[EventCountry "GER"]
[SourceTitle "EXT 2022"]
[Source "ChessBase"]
[SourceDate "2021.10.06"]
[SourceVersion "1"]
[SourceVersionDate "2021.10.06"]
[SourceQuality "1"]
[WhiteTeam "Langenfeld II"]
[BlackTeam "Dormagen SV"]
[WhiteTeamCountry "GER"]
[BlackTeamCountry "GER"]

1. e4 c5 2. Nf3 g6 3. Bc4 Bg7 4. Nc3 Nc6 5. d3 d6 6. Bf4 Nf6 7. h3 a6 8. a3 0-0 9. 0-0 Bd7 10. Re1 e5 11. Bg5 h6 12. Bd2 b5 13. Bb3 Qc8 14. Nh2 Be6 15. Nd5 Bxd5 16. Bxd5 Nxd5 17. exd5 Ne7 18. c4 Nf5 19. Ng4 h5 20. Ne3 Nd4 21. Bc3 f5 22. b3 f4 23. Bxd4 cxd4 24. Nf1 f3 25. Nh2 fxg2 26. Kxg2 Rf4 27. f3 Qf5 28. Re4 Bh6 29. Qe2 Kh7 30. c5 Rxe4 31. fxe4 Qg5+ 32. Kh1 dxc5 33. Rg1 Qf6 34. Rf1 Bf4 35. Qc2 Rc8 36. Rf2 Qh4 37. Rg2 Qxh3 38. Qe2 g5 39. Kg1 Be3+ 40. Kf1 Rf8+ 41. Ke1 g4 42. Nf1 Qh1 43. Rh2 Rxf1+ 44. Qxf1 Qxh2 45. Qf7+ Kh8 46. Qf8+ Kh7 47. Qf7+ Kh6 48. Qf6+ 1/2-1/2

[Event "Mittelrhein Verbandsliga-N 17/18"]
[Site "Nordrheinwestfalen"]
[Date "2017.10.22"]
[Round "3.5"]
[White "Schwark, Mario"]
[Black "Ipekyilmaz, Mert"]
[Result "1-0"]
[WhiteElo "1828"]
[BlackElo "1643"]
[PlyCount "99"]
[EventDate "2017.09.10"]
[EventType "team-swiss"]
[EventRounds "11"]
[EventCountry "GER"]
[SourceTitle "EXT 2022"]
[Source "ChessBase"]
[SourceDate "2021.10.06"]
[SourceVersion "1"]
[SourceVersionDate "2021.10.06"]
[SourceQuality "1"]
[WhiteTeam "Kalker/Deutzer SG"]
[BlackTeam "Langenfeld II"]
[WhiteTeamCountry "GER"]
[BlackTeamCountry "GER"]

1. d4 Nf6 2. Nf3 d5 3. c4 e6 4. Nc3 Be7 5. Bf4 Bd7 6. Ne5 Nc6 7. Nxd7 Qxd7 8. h3 Bd6 9. Bg5 Be7 10. e3 h6 11. Bxf6 Bxf6 12. cxd5 exd5 13. Bb5 a6 14. Qa4 0-0 15. Bxc6 Qxc6 16. Qxc6 bxc6 17. Na4 Rfe8 18. 0-0 Rab8 19. Rac1 Re6 20. Rc2 Be7 21. b3 Kf8 22. Rfc1 Ba3 23. Rd1 Ke8 24. Rd3 Bb4 25. Kf1 Kd7 26. Ke2 Rb5 27. Kd1 Rg6 28. g3 Rf6 29. Kc1 Ba3+ 30. Kb1 Bb4 31. Kb2 g6 32. a3 Be7 33. Nc3 Rb7 34. e4 Rd6 35. e5 Re6 36. Na4 Rb5 37. f4 h5 38. g4 hxg4 39. hxg4 g5 40. f5 Rh6 41. f6 Bf8 42. Rdc3 Rh4 43. Rxc6 Rb7 44. Rxa6 Rxg4 45. Ra8 Bh6 46. Nc5+ Kc6 47. Nxb7+ Kxb7 48. Rh8 Rh4 49. Rh7 g4 50. Rxf7 1-0

[Event "Solingen Karneval op"]
[Site "Solingen"]
[Date "2017.02.26"]
[Round "5"]
[White "Muedder, Melanie"]
[Black "Ipekyilmaz, Mert"]
[Result "1/2-1/2"]
[WhiteElo "1745"]
[BlackElo "1533"]
[PlyCount "113"]
[EventDate "2017.02.24"]
[EventType "swiss"]
[EventRounds "5"]
[EventCountry "GER"]
[SourceTitle "EXT 2018"]
[Source "ChessBase"]
[SourceDate "2017.10.13"]
[SourceVersion "1"]
[SourceVersionDate "2017.10.13"]
[SourceQuality "1"]

1. e4 e6 2. d4 d5 3. Nd2 dxe4 4. Nxe4 Nf6 5. Bd3 Nc6 6. c3 Bd7 7. Nf3 Be7 8. 0-0 h6 9. Re1 0-0 10. Ne5 Nxe5 11. dxe5 Nxe4 12. Rxe4 f5 13. exf6 Rxf6 14. Qe2 Qf8 15. Bc4 Bc5 16. Be3 Bxe3 17. Rxe3 Re8 18. Rd1 Qf7 19. Red3 Re7 20. Qd2 Bc8 21. Rd8+ Re8 22. Rxe8+ Qxe8 23. Qd8 Qf8 24. Qxf8+ Rxf8 25. Kf1 Kf7 26. Rd3 Ke7 27. Rg3 g5 28. Rh3 Rf6 29. Bb5 Bd7 30. Bxd7 Kxd7 31. Rd3+ Ke7 32. Ke2 Rf5 33. Rd4 Rb5 34. Rb4 Rxb4 35. cxb4 Kd6 36. Kf3 Ke5 37. Kg4 Kf6 38. Kh5 Kg7 39. h4 gxh4 40. Kxh4 Kg6 41. Kg4 Kf6 42. b5 Kg6 43. b4 Kf6 44. a4 Kg6 45. a5 Kf6 46. a6 b6 47. f4 Kg6 48. Kf3 h5 49. Ke4 h4 50. Ke5 Kf7 51. f5 exf5 52. Kxf5 Ke7 53. Ke5 Kd8 54. Ke4 Ke7 55. Ke5 Kd8 56. Kd4 Ke7 57. Ke5 1/2-1/2

[Event "Mittelrhein Verbandsliga-M 16/17"]
[Site "Nordrheinwestfalen"]
[Date "2016.10.23"]
[Round "3.8"]
[White "Riffelmann, Klaus Juergen"]
[Black "Ipekyilmaz, Mert"]
[Result "1/2-1/2"]
[WhiteElo "1795"]
[BlackElo "1468"]
[PlyCount "92"]
[EventDate "2016.09.11"]
[EventType "team-tourn"]
[EventRounds "11"]
[EventCountry "GER"]
[SourceTitle "EXT 2022"]
[Source "ChessBase"]
[SourceDate "2021.10.06"]
[SourceVersion "1"]
[SourceVersionDate "2021.10.06"]
[SourceQuality "1"]
[WhiteTeam "Gruenfeld"]
[BlackTeam "Langenfeld II"]
[WhiteTeamCountry "GER"]
[BlackTeamCountry "GER"]

1. Nf3 Nf6 2. g3 g6 3. Bg2 Bg7 4. 0-0 0-0 5. d3 d5 6. Nbd2 Nc6 7. c4 e6 8. a3 a5 9. Re1 Re8 10. cxd5 Nxd5 11. Qb3 Bd7 12. Nc4 Rb8 13. e4 Nf6 14. e5 Nd5 15. Bg5 f6 16. exf6 Bxf6 17. h4 Bxg5 18. Nxg5 h6 19. Nf3 a4 20. Qc2 b5 21. Nce5 Nxe5 22. Nxe5 Kg7 23. d4 Ne7 24. Rac1 Rc8 25. g4 Rf8 26. Be4 Be8 27. Rcd1 Nd5 28. Bxd5 exd5 29. Kg2 Qxh4 30. Rh1 Qg5 31. Rh3 Qf6 32. Rdh1 Rh8 33. Qc5 Qd6 34. Qc1 g5 35. f4 gxf4 36. Qxf4 Qf6 37. Qxf6+ Kxf6 38. Rxh6+ Rxh6 39. Rxh6+ Kg7 40. g5 Bf7 41. Rf6 Be8 42. Kg3 c5 43. Rd6 cxd4 44. Rxd5 Rc2 45. Rxd4 Rxb2 46. Rd8 Bh5 1/2-1/2

[Event "Cologne Longerich op-B 13th"]
[Site "Cologne"]
[Date "2016.08.14"]
[Round "5"]
[White "Ipekyilmaz, Mert"]
[Black "Hoferichter, Michael"]
[Result "1/2-1/2"]
[WhiteElo "1544"]
[BlackElo "1308"]
[PlyCount "36"]
[EventDate "2016.08.12"]
[EventType "swiss"]
[EventRounds "5"]
[EventCountry "GER"]
[SourceTitle "EXT 2022"]
[Source "ChessBase"]
[SourceDate "2021.10.06"]
[SourceVersion "1"]
[SourceVersionDate "2021.10.06"]
[SourceQuality "1"]

1. e4 b6 2. Nc3 Bb7 3. Bc4 e6 4. d3 Bb4 5. Bd2 Ba6 6. Bxa6 Nxa6 7. a3 Be7 8. Nf3 d6 9. 0-0 Nf6 10. Re1 e5 11. Bg5 0-0 12. Bxf6 Bxf6 13. Nd5 c6 14. Nxf6+ Qxf6 15. d4 Nc7 16. dxe5 dxe5 17. Qe2 Ne6 18. Rad1 Rad8 1/2-1/2

[Event "Solingen Karneval op"]
[Site "Solingen"]
[Date "2016.02.07"]
[Round "4"]
[White "Mueller, Hans Peter"]
[Black "Ipekyilmaz, Mert"]
[Result "0-1"]
[WhiteElo "1545"]
[BlackElo "1471"]
[PlyCount "108"]
[EventDate "2016.02.05"]
[EventType "swiss"]
[EventRounds "5"]
[EventCountry "GER"]
[SourceTitle "EXT 2018"]
[Source "ChessBase"]
[SourceDate "2017.10.13"]
[SourceVersion "1"]
[SourceVersionDate "2017.10.13"]
[SourceQuality "1"]

1. d4 Nf6 2. Nf3 d5 3. Bf4 Bf5 4. e3 e6 5. Bd3 Bxd3 6. Qxd3 Bb4+ 7. c3 Bd6 8. Ne5 Nh5 9. Bg3 Nxg3 10. hxg3 Bxe5 11. dxe5 h6 12. Nd2 Nc6 13. f4 Qe7 14. Nb3 g5 15. Nd4 Nxd4 16. Qxd4 c6 17. 0-0-0 b6 18. Qd3 f5 19. exf6 Qxf6 20. Rdf1 gxf4 21. Rxf4 Qg5 22. g4 Rf8 23. Rxf8+ Kxf8 24. Qf1+ Kg7 25. Qf4 Rf8 26. Qxg5+ hxg5 27. Rh5 Kg6 28. Rh1 Rf2 29. Rh2 e5 30. b3 Rxa2 31. Rh8 Rxg2 32. Rg8+ Kf6 33. Rf8+ Kg7 34. Rf5 Rxg4 35. Rxe5 Kf6 36. Re8 Re4 37. Rf8+ Kg7 38. Rf3 g4 39. Rg3 Kh6 40. Kd2 Kh5 41. Ke2 Kh4 42. Kf2 a5 43. Rg1 a4 44. bxa4 Rxa4 45. Rh1+ Kg5 46. Kg3 Re4 47. Re1 c5 48. Kf2 d4 49. cxd4 cxd4 50. exd4 Rxe1 51. Kxe1 Kf4 52. d5 Ke5 53. d6 Kxd6 54. Ke2 b5 0-1

[Event "Solingen Karneval op"]
[Site "Solingen"]
[Date "2016.02.06"]
[Round "3"]
[White "Ipekyilmaz, Mert"]
[Black "Gutt, Stefan"]
[Result "0-1"]
[WhiteElo "1471"]
[BlackElo "1950"]
[PlyCount "104"]
[EventDate "2016.02.05"]
[EventType "swiss"]
[EventRounds "5"]
[EventCountry "GER"]
[SourceTitle "EXT 2018"]
[Source "ChessBase"]
[SourceDate "2017.10.13"]
[SourceVersion "1"]
[SourceVersionDate "2017.10.13"]
[SourceQuality "1"]

1. e4 c5 2. d4 e6 3. c3 d5 4. Bb5+ Bd7 5. Bxd7+ Qxd7 6. exd5 Qxd5 7. Qf3 Nf6 8. Be3 Nbd7 9. Nd2 Be7 10. Ne2 Qxf3 11. Nxf3 0-0 12. 0-0 h6 13. h3 Nd5 14. Nf4 Nxf4 15. Bxf4 cxd4 16. Nxd4 a6 17. Rfe1 Bf6 18. Nf3 Rac8 19. Rad1 Rfd8 20. Rd2 Nc5 21. Be5 Rxd2 22. Nxd2 Nd3 23. Bxf6 Nxe1 24. Bd4 Nd3 25. c4 Nc1 26. Kf1 Nxa2 27. Ke2 Nb4 28. Bc3 Nc6 29. Ne4 b6 30. Ke3 Rd8 31. f4 f5 32. Nd2 a5 33. Nf3 Kf7 34. Nd4 Nxd4 35. Bxd4 Rb8 36. Be5 Rb7 37. Kd4 g5 38. g3 g4 39. h4 Rd7+ 40. Ke3 h5 41. Bd4 Rb7 42. Be5 Ke7 43. Kd4 Rd7+ 44. Ke3 Kd8 45. Bd4 Kc7 46. Be5+ Kc6 47. Bd4 b5 48. b3 bxc4 49. bxc4 Rb7 50. Kd2 Rb3 51. Bf2 Rb2+ 52. Ke1 Rxf2 0-1

[Event "Solingen Karneval op"]
[Site "Solingen"]
[Date "2016.02.06"]
[Round "2"]
[White "Ipekyilmaz, Tayfun"]
[Black "Ipekyilmaz, Mert"]
[Result "1/2-1/2"]
[WhiteElo "1771"]
[BlackElo "1471"]
[PlyCount "50"]
[EventDate "2016.02.05"]
[EventType "swiss"]
[EventRounds "5"]
[EventCountry "GER"]
[SourceTitle "EXT 2018"]
[Source "ChessBase"]
[SourceDate "2017.10.13"]
[SourceVersion "1"]
[SourceVersionDate "2017.10.13"]
[SourceQuality "1"]

1. e4 e6 2. d4 d5 3. exd5 exd5 4. Bd3 Bd6 5. Ne2 Ne7 6. Nbc3 c6 7. 0-0 0-0 8. Bf4 Bf5 9. Bxf5 Nxf5 10. Bxd6 Nxd6 11. Qd3 Nd7 12. Qf3 Qf6 13. Qxf6 Nxf6 14. Ng3 Rfe8 15. Rfe1 Nfe4 16. Ngxe4 Nxe4 17. Nxe4 Rxe4 18. c3 Rae8 19. Kf1 f5 20. f3 Rxe1+ 21. Rxe1 Rxe1+ 22. Kxe1 h5 23. f4 h4 24. Kf2 Kf7 25. Kf3 Kf6 1/2-1/2

[Event "Cologne Longerich op-B 12th"]
[Site "Cologne"]
[Date "2015.08.01"]
[Round "3"]
[White "Ipekyilmaz, Mert"]
[Black "Pislaru, Marius Alexander"]
[Result "0-1"]
[WhiteElo "1205"]
[BlackElo "1556"]
[PlyCount "66"]
[EventDate "2015.07.31"]
[EventType "tourn"]
[EventRounds "5"]
[EventCountry "GER"]
[SourceTitle "EXT 2017"]
[Source "ChessBase"]
[SourceDate "2016.10.25"]
[SourceVersion "1"]
[SourceVersionDate "2016.10.25"]
[SourceQuality "1"]

1. e4 e6 2. d4 d5 3. e5 c5 4. c3 Qb6 5. Nf3 Nc6 6. Be2 cxd4 7. cxd4 f6 8. Nc3 Bb4 9. exf6 Nxf6 10. a3 Bd6 11. 0-0 0-0 12. Rb1 a6 13. Be3 Qc7 14. h3 Bd7 15. Qc2 e5 16. dxe5 Nxe5 17. Rbc1 Rac8 18. Qb3 Bc6 19. Rcd1 Qf7 20. Nd4 Nc4 21. Bxc4 dxc4 22. Qa2 Be5 23. Nxc6 Rxc6 24. Ne2 Qh5 25. Nf4 Bxf4 26. Bxf4 Qc5 27. Be3 Qb5 28. Bd4 Nd5 29. Rfe1 Nf4 30. Kh1 Rg6 31. Rc1 Rc8 32. g3 Qd5+ 33. Kh2 Qg2# 0-1

[Event "Cologne Longerich op-B 12th"]
[Site "Cologne"]
[Date "2015.07.31"]
[Round "1"]
[White "Schelwat, Arno"]
[Black "Ipekyilmaz, Mert"]
[Result "0-1"]
[WhiteElo "758"]
[BlackElo "1205"]
[PlyCount "52"]
[EventDate "2015.07.31"]
[EventType "tourn"]
[EventRounds "5"]
[EventCountry "GER"]
[SourceTitle "EXT 2017"]
[Source "ChessBase"]
[SourceDate "2016.10.25"]
[SourceVersion "1"]
[SourceVersionDate "2016.10.25"]
[SourceQuality "1"]

1. e4 d5 2. Bb5+ c6 3. Ba4 dxe4 4. d3 exd3 5. cxd3 Nd7 6. Bf4 Nc5 7. Nc3 Nxd3+ 8. Kf1 Nxf4 9. Qxd8+ Kxd8 10. Rd1+ Kc7 11. Nge2 Nxe2 12. Nxe2 Bg4 13. Rd2 Bxe2+ 14. Rxe2 Nf6 15. h3 e6 16. Bc2 Bc5 17. a3 Rad8 18. Re1 Rd2 19. Re2 Rhd8 20. Rxd2 Rxd2 21. Bb1 Rd1+ 22. Ke2 Rxh1 23. Bd3 Rh2 24. Kf1 Rh1+ 25. Ke2 Nd5 26. Kf3 Re1 0-1